00564nam a2200181 a 450000100060000000300090000600800410001502000180005604000280007408200170010210000110011924500860013026000240021630000100024065000490025065000360029965000470033523133CO-ViMGA141112s2004 ck r 000 u spa d a9789583342622 aCO-ViMGAbspacCO-ViMGA04a633.208 C8771 aanalac10aCurso manejo integrado de pastos y conservacion de forjales : bmemorias tecnicas aColombia : bAnalac a88 p.14aPASTOS - CULTIVO - ENSAYOS CONFERENCIAS, ECT14aPASTOS - ENSAYOS, CONFERENCIAS 14aPLANTAS FORRAJERAS - ENSAYOS CONFERENCIAS